Online Catalogue and eLibrary

Women writing (Record no. 4364)

MARC details
000 -LEADER
fixed length control field 00401nam a2200157Ia 4500
005 - DATE AND TIME OF LATEST TRANSACTION
control field 20241104011623.0
008 - FIXED-LENGTH DATA ELEMENTS--GENERAL INFORMATION
fixed length control field 240331s9999 xx 000 0 und d
020 ## - INTERNATIONAL STANDARD BOOK NUMBER
ISBN 9559318071
082 ## - DDC Classification
Item Number - Author Mark FER
Class No. 823
100 ## - MAIN ENTRY--PERSONAL NAME
Personal name Fernando, V
245 #0 - TITLE STATEMENT
Title Women writing
260 ## - PUBLICATION, DISTRIBUTION, ETC.
Place of publication, distribution, etc. Colombo
Name of publisher, distributor, etc. Voice of Women
Date of publication, distribution, etc. 2000
300 ## - PHYSICAL DESCRIPTION
Extent (e.g. Volumes, Pages etc.) 275 p .,
500 ## - GENERAL NOTE
General note Twenty five short stories translated from Sinhala
942 ## - Koha item type (Biblio)
Koha item type Books in Stacks (Lending)
Holdings
Lost status Damaged status Collection code Home library Current library Shelving location Date acquired Full call number Accession Number Item type
    Lending WERC Library WERC Library Social Science Cupboard 03/31/2024 823 FER 4413 Books in Stacks (Lending)

© WERC Library